000 00956nam a22002177a 4500
005 20250425143941.0
008 250425b |||||||| |||| 00| 0 eng d
020 _a9788176467087 (pbk)
037 _cTB
040 _aAL
_cAL
041 _2hin
_ahin
084 _aB0bQ1 152Q0
_qAL
100 _aगुप्ता, राधाकृष्ण
_9753035
245 _aवैदिक गणित माध्यमिक
260 _aदिल्ली, भारत:
_bबी. आर. पब्लिशिंग कोरपॉरेशन,
_c2010.
300 _a115पृ0
365 _b295.00
_cINR
650 _2गणित शास्त्र
942 _2CC
_cTB
_hB0bQ1 152Q0
_n0
999 _c1309401
_d1309401